Classic philosophical questions / (Record no. 312)

MARC details
000 -LEADER
fixed length control field 04908cam a22003494a 4500
001 - ACCESSION NUMBER
control field 395
003 - CONTROL NUMBER IDENTIFIER
control field CUTN
005 - DATE AND TIME OF LATEST TRANSACTION
control field 20130323105253.0
008 - FIXED-LENGTH DATA ELEMENTS--GENERAL INFORMATION
fixed length control field 081103s2009 nju b 000 0 eng
010 ## - LIBRARY OF CONGRESS CONTROL NUMBER
LC control number 2008046066
020 ## - INTERNATIONAL STANDARD BOOK NUMBER
International Standard Book Number 9780136006527 (alk. paper)
020 ## - INTERNATIONAL STANDARD BOOK NUMBER
International Standard Book Number 0136006523 (alk. paper)
024 ## - OTHER STANDARD IDENTIFIER
Standard number or code 99933645738
035 ## - SYSTEM CONTROL NUMBER
System control number (OCoLC)ocn262718697
035 ## - SYSTEM CONTROL NUMBER
System control number (NNC)7176618
035 ## - SYSTEM CONTROL NUMBER
System control number (OCoLC)262718697
Canceled/invalid control number (OCoLC)229033861
040 ## - CATALOGING SOURCE
Original cataloging agency DLC
Transcribing agency DLC
Modifying agency YDX
-- BTCTA
-- BAKER
-- UKM
-- YDXCP
050 00 - LIBRARY OF CONGRESS CALL NUMBER
Classification number BD21
Item number .C594 2009
082 00 - DEWEY DECIMAL CLASSIFICATION NUMBER
Classification number 100
Edition number 22
245 00 - TITLE STATEMENT
Title Classic philosophical questions /
Statement of responsibility, etc edited by Robert J. Mulvaney.
250 ## - EDITION STATEMENT
Edition statement 13th ed.
260 ## - PUBLICATION, DISTRIBUTION, ETC. (IMPRINT)
Place of publication, distribution, etc Upper Saddle River, N.J. :
Name of publisher, distributor, etc Prentice Hall,
Date of publication, distribution, etc 2009.
300 ## - PHYSICAL DESCRIPTION
Extent xiv, 576 p. ;
Dimensions 23 cm.
504 ## - BIBLIOGRAPHY, ETC. NOTE
Bibliography, etc Includes bibliographical references and index.
505 0# - FORMATTED CONTENTS NOTE
Formatted contents note Plato and the trial of Socrates -- What is philosophy? -- Euthyphro : defining philosophical terms -- The apology, Phaedo, and Crito : the trial, immortality, and death of Socrates -- Philosophy of religion -- Can we prove that God exists? -- St. Anselm : the ontological argument -- St. Thomas Aquinas : the cosmological argument -- William Paley : the teleological argument -- Blaise Pascal : it is better to believe in God's existence than to deny it -- William James : free choice is the basis of belief -- Does the idea of a good God exclude evil? -- Gottfried Wilhelm Leibniz : God can allow some evil -- David Hume : a good God would exclude evil -- Ethics -- Are ethics relative? -- Ruth Benedict : ethics are relative -- W.T. Stace : ethics are not relative -- Are humans always selfish? -- Humans are always selfish : Glaucon's challenge to Socrates -- James Rachels : humans are not always selfish -- Which is basic in ethics : happiness or obligation? -- Aristotle : happiness is living virtuously -- Jeremy Bentham : happiness is seeking the greatest pleasure for the greatest number of people -- Immanuel Kant : duty is prior to happiness -- Friedrich Nietzsche : happiness is having power -- Jean-Paul Sartre : existentialist ethics -- Rosemarie Tong : feminist ethics are different -- Two contemporary moral problems : abortion, animal rights -- Jane English : are most abortions moral? -- Peter Singer : do animals have rights? -- Knowledge -- What is knowledge? -- Plato : knowledge is warranted, true belief -- What method is best for acquiring knowledge? -- Charles Sanders Peirce : four approaches to philosophy -- How do we acquire knowledge? -- René Descartes : knowledge is not ultimately sense knowledge -- John Locke : knowledge is ultimately sensed -- Immanuel Kant : knowledge is both rational and empirical -- How is truth established? -- Bertrand Russell : truth is established by correspondence -- Francis H. Bradley : truth is established by coherence -- William James : truth is established on pragmatic grounds -- Can we know the nature of causal relations? -- David Hume : cause means regular association -- David Hume : there are no possible grounds for induction -- Metaphysics -- Why is there something rather than nothing? -- Parmenides : being is uncaused -- Lao-Tzu : non-being is the source of being -- Is reality general or particular? -- Plato : universals are real -- David Hume : particulars are real -- Of what does reality consist? -- René Descartes : reality consists of mind and matter -- Paul Churchland : reality consists of matter -- George Berkeley : reality consists of ideas -- John Dewey : reality consists of mental and physical qualities -- Are humans free? -- Holbach : humans are determined -- Robert Kane : humans are free -- Social and political philosophy -- What is liberty? -- Fyodor Dostoevski : liberty and authority -- John Stuart Mill : liberty is independence from the majority's tyranny -- Martin Luther King, Jr. : liberty and racial prejudice -- Which government is best? -- Thomas Hobbes : monarchy is best -- John Locke : democracy is best -- Karl Marx : communism and nonalienated labor is best -- Alexis de Tocqueville : democracy can have serious problems -- Karl Popper : utopias lead to violence -- Aesthetics -- What constitutes the experience of beauty? -- Plotinus : beauty, sensuous, and ideal -- What is the function of art? -- Aristotle : the nature of tragedy -- Henri Bergson : the nature of comedy -- Philosophy and the good life -- Two classic views of the good life -- Epicurus : Epicurus and the pleasant life -- Epictetus : Epictetus and the life of self-control -- What gives life meaning? -- Leo Tolstoy : faith provides life's meaning -- Albert Camus : each person determines his or her life's meaning -- What is the value of philosophy? -- Bertrand Russell : the value of philosophy.
650 #0 - SUBJECT ADDED ENTRY--TOPICAL TERM
Topical term or geographic name as entry element Philosophy
Form subdivision Introductions.
650 #0 - SUBJECT ADDED ENTRY--TOPICAL TERM
Topical term or geographic name as entry element Philosophy.
700 1# - ADDED ENTRY--PERSONAL NAME
Personal name Mulvaney, Robert J.
Locally assigned cutter number (editor) MUL
942 ## - ADDED ENTRY ELEMENTS (KOHA)
Source of classification or shelving scheme Dewey Decimal Classification
Koha item type General Books
948 1# - LOCAL PROCESSING INFORMATION (OCLC); SERIES PART DESIGNATOR (RLIN)
Series part designator, SPT (RLIN) 20090529
b (OCLC) c
c (OCLC) jeb52
d (OCLC) MPS
Holdings
Date last seen Total Checkouts Full call number Barcode Date checked out Copy number Price effective from Koha item type Lost status Source of classification or shelving scheme Damaged status Not for loan Withdrawn status Home library Current library Shelving location Date acquired
19/11/2019 3 100 395 21/10/2019 1 18/03/2013 General Books   Dewey Decimal Classification       CUTN Central Library CUTN Central Library Reference 18/03/2013